[Event "ITA-chT GpB 55th"]
[Site "Vasto"]
[Date "2024.04.11"]
[Round "5.11"]
[White "Altini, Nicola"]
[Black "Boraso, Alessio"]
[Result "1/2-1/2"]
[WhiteElo "2393"]
[BlackElo "2291"]
[PlyCount "74"]
[EventDate "2024.04.08"]
[EventType "team-tourn"]
[EventRounds "7"]
[EventCountry "ITA"]
[SourceTitle "CB16_2024"]
[SourceDate "2024.04.17"]
[SourceVersion "1"]
[SourceVersionDate "2024.04.17"]
[SourceQuality "1"]
[WhiteTeam "Partenopea"]
[BlackTeam "Milan Accademia"]
[WhiteTeamCountry "ITA"]
[BlackTeamCountry "ITA"]

1. d4 Nf6 2. c4 e6 3. Nf3 d5 4. Nc3 Be7 5. Bf4 0-0 6. e3 Nbd7 7. c5 Ne4 8. Rc1 f5 9. h4 c6 10. Bd3 b6 11. cxb6 axb6 12. a3 Nxc3 13. Rxc3 c5 14. Bb5 c4 15. Bxd7 Bxd7 16. Bg5 b5 17. Ne5 b4 18. axb4 Ba4 19. Qf3 Bxg5 20. hxg5 Qxg5 21. 0-0 Qe7 22. Ra3 Qxb4 23. Rfa1 Qb5 24. Qe2 Qe8 25. Qd2 Qb5 26. Qe2 Qe8 27. Qe1 Qb5 28. R1a2 Ra6 29. Qa1 Rfa8 30. Nf3 Qc6 31. Ne5 Qb5 32. Nf3 R8a7 33. Ne5 h6 34. Kh2 Qe8 35. Qe1 Qb5 36. Qa1 Qe8 37. Qe1 Qb5 1/2-1/2

[Event "ITA-chT GpB 54th"]
[Site "Bacoli"]
[Date "2023.04.29"]
[Round "7"]
[White "Altini, Nicola"]
[Black "Lanzani, Mario"]
[Result "1-0"]
[WhiteElo "2401"]
[BlackElo "2280"]
[PlyCount "53"]
[EventDate "2023.04.25"]
[EventType "team-tourn"]
[EventRounds "7"]
[EventCountry "ITA"]
[SourceTitle "CBM 213 Extra"]
[Source "ChessBase"]
[SourceDate "2023.05.31"]
[SourceVersion "1"]
[SourceVersionDate "2023.05.31"]
[SourceQuality "1"]
[WhiteTeam "Partenopea"]
[BlackTeam "Milan Accademia"]
[WhiteTeamCountry "ITA"]
[BlackTeamCountry "ITA"]

1. d4 Nf6 2. c4 e6 3. Nf3 c5 4. d5 exd5 5. cxd5 d6 6. Nc3 g6 7. h3 b5 8. Nxb5 Bg7 9. e3 0-0 10. Be2 Qe7 11. 0-0 Nbd7 12. e4 a6 13. Na3 Qxe4 14. Nc4 Qxd5 15. Nxd6 Nb6 16. Be3 Bd7 17. Rc1 Qxa2 18. Bxc5 Na4 19. Bc4 Qxb2 20. Bd4 Qa3 21. Bxf6 Bxf6 22. Nxf7 Bb5 23. N7g5+ Kh8 24. Bxb5 axb5 25. Rc7 Be7 26. Qd4+ Kg8 27. Qd5+ 1-0

[Event "ITA-chTB 53rd"]
[Site "Montesilvano"]
[Date "2022.04.20"]
[Round "3.2"]
[White "Pasini, Nicolo"]
[Black "Altini, Nicola"]
[Result "1/2-1/2"]
[WhiteElo "2150"]
[BlackElo "2403"]
[PlyCount "54"]
[EventDate "2022.04.19"]
[EventType "team-tourn"]
[EventRounds "7"]
[EventCountry "ITA"]
[SourceTitle "CBM 207 Extra"]
[Source "ChessBase"]
[SourceDate "2022.05.31"]
[SourceVersion "1"]
[SourceVersionDate "2022.05.31"]
[SourceQuality "1"]
[WhiteTeam "Chieti"]
[BlackTeam "Partenopea Senior"]
[WhiteTeamCountry "ITA"]
[BlackTeamCountry "ITA"]

1. e4 c5 2. Nc3 Nc6 3. Bb5 Nb8 4. Bf1 Nc6 5. Bb5 Nd4 6. Nf3 e6 7. 0-0 a6 8. Bd3 Nxf3+ 9. Qxf3 Qc7 10. b3 Bd6 11. Qh3 Ne7 12. Bb2 b5 13. Nd1 c4 14. bxc4 bxc4 15. Be2 Ng6 16. f4 Nxf4 17. Rxf4 Bxf4 18. Bxg7 Rg8 19. Qxh7 Bxh2+ 20. Kf1 Rxg7 21. Qxg7 Be5 22. Qg8+ Ke7 23. Rb1 Bb7 24. Qg5+ Bf6 25. Qe3 Be5 26. Qg5+ Bf6 27. Qe3 Be5 1/2-1/2

[Event "ITA-chTB 51st"]
[Site "Brixen Bressanone"]
[Date "2019.04.27"]
[Round "3.3"]
[White "Distaso, Antonio"]
[Black "Altini, Nicola"]
[Result "1-0"]
[WhiteElo "2153"]
[BlackElo "2426"]
[PlyCount "73"]
[EventDate "2019.04.26"]
[EventType "team-swiss"]
[EventRounds "7"]
[EventCountry "ITA"]
[SourceTitle "CBM 190 Extra"]
[Source "ChessBase"]
[SourceDate "2019.07.15"]
[SourceVersion "1"]
[SourceVersionDate "2019.07.15"]
[SourceQuality "1"]
[WhiteTeam "Cornaro Asolo Regina"]
[BlackTeam "WorldtradingLab"]
[WhiteTeamCountry "ITA"]
[BlackTeamCountry "ITA"]

1. e4 c5 2. Nf3 Nc6 3. Bb5 g6 4. Bxc6 bxc6 5. d3 Bg7 6. Nc3 e5 7. Be3 d6 8. h3 Ne7 9. 0-0 0-0 10. Nh2 f5 11. f4 exf4 12. Bxf4 d5 13. Qe1 fxe4 14. dxe4 d4 15. Na4 d3 16. Be3 Rxf1+ 17. Nxf1 dxc2 18. Qe2 Bd4 19. Qc4+ Kg7 20. Qxc2 Bxe3+ 21. Nxe3 Qd4 22. Qxc5 Qxc5 23. Nxc5 Rb8 24. b3 Rb5 25. Rc1 Kf6 26. a4 Rb8 27. Nc4 Kg7 28. Rf1 Ng8 29. Ne5 Nh6 30. Nxc6 Ra8 31. b4 Nf7 32. b5 Nd6 33. Rd1 Ne8 34. Rd8 Nc7 35. Ne7 Be6 36. Nxe6+ Kf6 37. Nd5+ 1-0

[Event "Spilimbergo op 16th"]
[Site "Spilimbergo"]
[Date "2018.08.12"]
[Round "5"]
[White "Altini, Nicola"]
[Black "Bove, Alessandro"]
[Result "1-0"]
[WhiteElo "2425"]
[BlackElo "2308"]
[PlyCount "93"]
[EventDate "2018.08.10"]
[EventType "swiss"]
[EventRounds "9"]
[EventCountry "ITA"]
[SourceTitle "CBM 186 Extra"]
[Source "ChessBase"]
[SourceDate "2018.08.24"]
[SourceVersion "1"]
[SourceVersionDate "2018.08.24"]
[SourceQuality "1"]

1. d4 Nc6 2. d5 Ne5 3. f4 Ng6 4. e4 e6 5. dxe6 dxe6 6. Qxd8+ Kxd8 7. Nf3 Bc5 8. Nc3 Nh6 9. e5 Bd7 10. Ne4 Bb6 11. Bd3 Bc6 12. Ke2 Nf5 13. b4 a6 14. a4 Kc8 15. Bd2 Rd8 16. c3 a5 17. b5 Bd5 18. g3 Nfe7 19. c4 Bxe4 20. Bxe4 Nf5 21. Rac1 Bc5 22. Rhd1 Nge7 23. Be1 Rxd1 24. Rxd1 c6 25. Rd3 Kc7 26. g4 Nh6 27. h3 f5 28. exf6 gxf6 29. Nd4 Bxd4 30. Rxd4 f5 31. Bf3 c5 32. b6+ Kxb6 33. Rd7 fxg4 34. Rxb7+ Ka6 35. hxg4 Ra7 36. Rb5 Ng6 37. Rxa5+ Kb6 38. Rb5+ Ka6 39. Bd2 Rf7 40. f5 exf5 41. Bxh6 Ne5 42. gxf5 Nxc4 43. Rxc5 Re7+ 44. Kf2 Ne5 45. Be2+ Kb7 46. f6 Re6 47. Rxe5 1-0

[Event "ITA-chT 50th"]
[Site "Gallipoli"]
[Date "2018.04.30"]
[Round "5.5"]
[White "Altini, Nicola"]
[Black "Barp, Alberto"]
[Result "1/2-1/2"]
[WhiteElo "2426"]
[BlackElo "2294"]
[PlyCount "43"]
[EventDate "2018.04.27"]
[EventType "team-swiss"]
[EventRounds "7"]
[EventCountry "ITA"]
[SourceTitle "CBM 184 Extra"]
[Source "ChessBase"]
[SourceDate "2018.06.28"]
[SourceVersion "1"]
[SourceVersionDate "2018.06.28"]
[SourceQuality "1"]
[WhiteTeam "Lazio Scacchi"]
[BlackTeam "Perugia Euro Scacchi"]
[WhiteTeamCountry "ITA"]
[BlackTeamCountry "ITA"]

1. d4 d5 2. Bf4 c5 3. e3 Nc6 4. c3 Nf6 5. Nd2 e6 6. Bd3 Bd6 7. Bxd6 Qxd6 8. f4 cxd4 9. cxd4 Bd7 10. a3 Ne7 11. Ngf3 Qb6 12. Rb1 Bb5 13. Bxb5+ Qxb5 14. Qe2 Qxe2+ 15. Kxe2 0-0 16. Ne5 Rfc8 17. Rbc1 Rxc1 18. Rxc1 Rc8 19. Rc5 Ne8 20. Kd3 f6 21. Nef3 Nd6 22. b3 1/2-1/2

[Event "ITA-chT 50th"]
[Site "Gallipoli"]
[Date "2018.04.29"]
[Round "4.2"]
[White "Dappiano, Andrea"]
[Black "Altini, Nicola"]
[Result "1/2-1/2"]
[WhiteElo "2310"]
[BlackElo "2426"]
[PlyCount "76"]
[EventDate "2018.04.27"]
[EventType "team-swiss"]
[EventRounds "7"]
[EventCountry "ITA"]
[SourceTitle "CBM 184 Extra"]
[Source "ChessBase"]
[SourceDate "2018.06.28"]
[SourceVersion "1"]
[SourceVersionDate "2018.06.28"]
[SourceQuality "1"]
[WhiteTeam "Montebelluna Master"]
[BlackTeam "Lazio Scacchi"]
[WhiteTeamCountry "ITA"]
[BlackTeamCountry "ITA"]

1. e4 e5 2. Nf3 Nc6 3. d4 exd4 4. Nxd4 Nf6 5. Nc3 Bb4 6. Nxc6 bxc6 7. Bd3 0-0 8. 0-0 d5 9. exd5 Bg4 10. f3 Bh5 11. Bg5 Qd6 12. Qc1 cxd5 13. Kh1 c6 14. Ne2 Bg6 15. Nf4 Rae8 16. Nxg6 fxg6 17. c3 Ba5 18. Qf4 Qd7 19. Qa4 Bc7 20. Rae1 Nh5 21. Qh4 Qd6 22. Re7 h6 23. Rxe8 Rxe8 24. Bd2 Kf7 25. g3 Nf6 26. Kg2 Bb6 27. Qf4 Qxf4 28. Bxf4 Be3 29. Bxe3 Rxe3 30. Rd1 c5 31. Kf2 Re7 32. b4 Rc7 33. b5 g5 34. a4 c4 35. Bf5 g6 36. Bc2 h5 37. Re1 Nd7 38. Ke3 Ne5 1/2-1/2

[Event "ITA-chT 50th"]
[Site "Gallipoli"]
[Date "2018.04.28"]
[Round "2.5"]
[White "Sgnaolin, Davide"]
[Black "Altini, Nicola"]
[Result "1-0"]
[WhiteElo "2275"]
[BlackElo "2426"]
[PlyCount "77"]
[EventDate "2018.04.27"]
[EventType "team-swiss"]
[EventRounds "7"]
[EventCountry "ITA"]
[SourceTitle "CBM 184 Extra"]
[Source "ChessBase"]
[SourceDate "2018.06.28"]
[SourceVersion "1"]
[SourceVersionDate "2018.06.28"]
[SourceQuality "1"]
[WhiteTeam "Famiglia Legnanese"]
[BlackTeam "Lazio Scacchi"]
[WhiteTeamCountry "ITA"]
[BlackTeamCountry "ITA"]

1. e4 e5 2. Nf3 Nc6 3. Bc4 Bc5 4. 0-0 Nf6 5. d3 0-0 6. a4 d6 7. c3 a6 8. Re1 Ba7 9. Bb3 Ne7 10. Be3 Bxe3 11. fxe3 Ng6 12. Nbd2 c6 13. d4 Qc7 14. Qc2 Bg4 15. Nf1 d5 16. Ng3 Rfe8 17. Nd2 Rad8 18. Rf1 c5 19. exd5 cxd4 20. Rxf6 gxf6 21. Nde4 Qb6 22. a5 Qa7 23. Nxf6+ Kh8 24. Nxg4 dxe3 25. Qe2 Nf4 26. Qxe3 Qxe3+ 27. Nxe3 Rg8 28. Rd1 h5 29. Ngf5 Rg5 30. Bc2 Rd7 31. Kf2 f6 32. c4 Rg8 33. c5 Rgd8 34. d6 Ne6 35. b4 Rc8 36. Ba4 Rh7 37. Bb3 Nd8 38. Ne7 Rb8 39. N3f5 1-0

[Event "Mitropa Cup 36th"]
[Site "Balatonszarszo"]
[Date "2017.09.20"]
[Round "4.4"]
[White "Altini, Nicola"]
[Black "Kraus, Tomas"]
[Result "1/2-1/2"]
[WhiteElo "2419"]
[BlackElo "2432"]
[PlyCount "100"]
[EventDate "2017.09.17"]
[EventType "team-tourn"]
[EventRounds "9"]
[EventCountry "HUN"]
[SourceTitle "CBM 180 Extra"]
[Source "ChessBase"]
[SourceDate "2017.10.06"]
[SourceVersion "1"]
[SourceVersionDate "2017.10.06"]
[SourceQuality "1"]
[WhiteTeam "Italy"]
[BlackTeam "Czech Republic"]
[WhiteTeamCountry "ITA"]
[BlackTeamCountry "CZE"]

1. d4 e6 2. c4 Bb4+ 3. Bd2 a5 4. Nc3 Nf6 5. e4 Bxc3 6. Bxc3 d5 7. e5 Ne4 8. Bd3 Nxc3 9. bxc3 dxc4 10. Bxc4 b6 11. Qg4 g6 12. Nf3 Ba6 13. Bxa6 Nxa6 14. Ng5 c5 15. Ne4 cxd4 16. Nd6+ Kf8 17. Qf4 Ra7 18. Qh6+ Kg8 19. cxd4 Qf8 20. Qh4 Nb4 21. 0-0 Nd5 22. Rac1 Kg7 23. f4 Rg8 24. f5 gxf5 25. Rc8 Qxc8 26. Nxc8 Rxc8 27. Qg5+ Kh8 28. Rc1 Rxc1+ 29. Qxc1 Rc7 30. Qa3 Re7 31. Qd6 Kg7 32. a4 Rc7 33. Qd8 h6 34. Qh4 Rc4 35. Qg3+ Kh7 36. Qa3 Rb4 37. h3 Kg7 38. Qg3+ Kh7 39. Qa3 f4 40. g3 Kg7 41. gxf4 Nxf4 42. Qg3+ Ng6 43. Qf2 Kg8 44. Kh2 Rxa4 45. d5 Rf4 46. Qxb6 exd5 47. e6 fxe6 48. Qxe6+ Kg7 49. Qxd5 a4 50. Qb7+ Kg8 1/2-1/2

[Event "Mitropa Cup 36th"]
[Site "Balatonszarszo"]
[Date "2017.09.19"]
[Round "3.4"]
[White "Gozzoli, Yannick"]
[Black "Altini, Nicola"]
[Result "1/2-1/2"]
[WhiteElo "2582"]
[BlackElo "2419"]
[PlyCount "76"]
[EventDate "2017.09.17"]
[EventType "team-tourn"]
[EventRounds "9"]
[EventCountry "HUN"]
[SourceTitle "CBM 180 Extra"]
[Source "ChessBase"]
[SourceDate "2017.10.06"]
[SourceVersion "1"]
[SourceVersionDate "2017.10.06"]
[SourceQuality "1"]
[WhiteTeam "France"]
[BlackTeam "Italy"]
[WhiteTeamCountry "FRA"]
[BlackTeamCountry "ITA"]

1. e4 c5 2. Nf3 Nc6 3. d4 cxd4 4. Nxd4 g6 5. c4 Bg7 6. Be3 Nf6 7. Nc3 0-0 8. Be2 d6 9. 0-0 Nxd4 10. Bxd4 Bd7 11. Qd3 a5 12. Rad1 Bc6 13. Rfe1 Nd7 14. Bxg7 Kxg7 15. Bg4 Nf6 16. Bh3 Qb6 17. Re2 a4 18. Nd5 Bxd5 19. exd5 Rfe8 20. Rde1 Qc7 21. b4 axb3 22. axb3 b5 23. cxb5 Qb7 24. g3 Rab8 25. Qc4 Kf8 26. Qc1 Kg7 27. Qc6 Qxb5 28. Rxe7 Rxe7 29. Rxe7 Qxd5 30. Qxd5 Nxd5 31. Rd7 Nf6 32. Rc7 Nd5 33. Ra7 Kf6 34. Rd7 Rb6 35. Bf1 Ne7 36. Bc4 d5 37. Bxd5 Nxd5 38. Rxd5 Rxb3 1/2-1/2

[Event "ITA-chT 49th"]
[Site "Gallipoli"]
[Date "2017.04.29"]
[Round "3.4"]
[White "Altini, Nicola"]
[Black "Sibilio, Mario"]
[Result "1-0"]
[WhiteElo "2415"]
[BlackElo "2336"]
[PlyCount "135"]
[EventDate "2017.04.27"]
[EventType "team-swiss"]
[EventRounds "7"]
[EventCountry "ITA"]
[SourceTitle "CBM 178 Extra"]
[Source "ChessBase"]
[SourceDate "2017.06.22"]
[SourceVersion "1"]
[SourceVersionDate "2017.06.22"]
[SourceQuality "1"]
[WhiteTeam "Lazio Scacchi"]
[BlackTeam "Rome Arrocco"]
[WhiteTeamCountry "ITA"]
[BlackTeamCountry "ITA"]

1. d4 e6 2. c4 f5 3. g3 Nf6 4. Bg2 Bb4+ 5. Nd2 0-0 6. Ngf3 d6 7. 0-0 c5 8. Nb3 cxd4 9. Nfxd4 Qe7 10. Qc2 Na6 11. Bg5 h6 12. Bxf6 Rxf6 13. Rad1 Nc7 14. a3 Bc5 15. Nxc5 dxc5 16. Nb5 Ne8 17. Qd2 a6 18. Nc3 Rb8 19. e4 b5 20. exf5 b4 21. Ne4 Rxf5 22. Qd8 Kf8 23. f4 Qxd8 24. Rxd8 Ke7 25. Rfd1 bxa3 26. bxa3 Nf6 27. Nf2 g5 28. Bh3 gxf4 29. Bxf5 fxg3 30. hxg3 exf5 31. Rh8 Kf7 32. Rhd8 Ke7 33. Rh8 Kf7 34. Nd3 Kg7 35. Rd8 Ne4 36. Kh2 Kf6 37. Rh8 Kg7 38. Rd8 Kf6 39. Rg8 Kf7 40. Rd8 Ke7 41. Rh8 Kf7 42. Rf1 Kg7 43. Rd8 Rb3 44. Rxc8 Rxd3 45. Rxf5 Rxa3 46. Rf4 Ng5 47. Rc7+ Kg6 48. Rc6+ Kg7 49. Rxc5 Ra2+ 50. Kh1 a5 51. Rc7+ Kg6 52. Rc6+ Kg7 53. Rd4 Ra1+ 54. Kg2 Ra2+ 55. Kf1 Ra1+ 56. Ke2 Ra2+ 57. Rd2 Rxd2+ 58. Kxd2 Ne4+ 59. Ke3 Nxg3 60. Ra6 h5 61. Kf4 h4 62. Rxa5 Kf6 63. Ra6+ Ke7 64. Ke5 Nf1 65. Ra7+ Kd8 66. Rh7 Nd2 67. c5 Nf3+ 68. Kd6 1-0

[Event "ITA-chT 49th"]
[Site "Gallipoli"]
[Date "2017.04.28"]
[Round "2.6"]
[White "Madiai, Federico"]
[Black "Altini, Nicola"]
[Result "1/2-1/2"]
[WhiteElo "2232"]
[BlackElo "2415"]
[PlyCount "55"]
[EventDate "2017.04.27"]
[EventType "team-swiss"]
[EventRounds "7"]
[EventCountry "ITA"]
[SourceTitle "CBM 178 Extra"]
[Source "ChessBase"]
[SourceDate "2017.06.22"]
[SourceVersion "1"]
[SourceVersionDate "2017.06.22"]
[SourceQuality "1"]
[WhiteTeam "Acqui Terme Collino"]
[BlackTeam "Lazio Scacchi"]
[WhiteTeamCountry "ITA"]
[BlackTeamCountry "ITA"]

1. e4 c5 2. Nf3 Nc6 3. Nc3 g6 4. Bb5 Bg7 5. 0-0 e5 6. a3 Nge7 7. b4 d6 8. d3 0-0 9. bxc5 dxc5 10. Bg5 Qd6 11. Bc4 Be6 12. Bxe7 Nxe7 13. Nd2 Rab8 14. a4 b6 15. Qe2 Bh6 16. Bxe6 Qxe6 17. Nc4 f5 18. exf5 Nxf5 19. Ne4 Nd4 20. Qd1 Rbd8 21. c3 Nf5 22. Qe2 Rd7 23. Rad1 Bg7 24. Rfe1 Rfd8 25. Ng5 Qe7 26. Ne4 Qe6 27. Ng5 Qe7 28. Ne4 1/2-1/2

[Event "ITA-chT 48th"]
[Site "Civitanova Marche"]
[Date "2016.04.30"]
[Round "6.4"]
[White "Lostuzzi, Manlio"]
[Black "Altini, Nicola"]
[Result "1/2-1/2"]
[WhiteElo "2422"]
[BlackElo "2413"]
[PlyCount "27"]
[EventDate "2016.04.27"]
[EventType "team-swiss"]
[EventRounds "7"]
[EventCountry "ITA"]
[SourceTitle "CBM 172 Extra"]
[Source "ChessBase"]
[SourceDate "2016.06.21"]
[SourceVersion "1"]
[SourceVersionDate "2016.06.21"]
[SourceQuality "1"]
[WhiteTeam "SST 1904"]
[BlackTeam "Montesilvano Arrocco"]
[WhiteTeamCountry "ITA"]
[BlackTeamCountry "ITA"]

1. e4 c5 2. Nf3 Nc6 3. d4 cxd4 4. Nxd4 g6 5. c4 Bg7 6. Be3 Nf6 7. Nc3 d6 8. f3 0-0 9. Qd2 Nxd4 10. Bxd4 a5 11. Be2 Bd7 12. 0-0 Bc6 13. Rad1 Nd7 14. Be3 1/2-1/2

[Event "ITA-ch U20 23th"]
[Site "Giovinazzo"]
[Date "2015.07.23"]
[Round "6"]
[White "Altini, Nicola"]
[Black "Pasini, Nicolo"]
[Result "1-0"]
[WhiteElo "2415"]
[BlackElo "1804"]
[PlyCount "79"]
[EventDate "2015.07.19"]
[EventType "swiss"]
[EventRounds "9"]
[EventCountry "ITA"]
[SourceTitle "EXT 2024"]
[Source "ChessBase"]
[SourceDate "2023.10.10"]
[SourceVersion "1"]
[SourceVersionDate "2023.10.10"]
[SourceQuality "1"]

1. d4 Nf6 2. Nf3 g6 3. g3 Bg7 4. Bg2 0-0 5. 0-0 d5 6. Nbd2 Nc6 7. c4 dxc4 8. Nxc4 Be6 9. b3 Nd5 10. Bb2 Nb6 11. Nce5 Nxe5 12. Nxe5 c6 13. e3 Qc8 14. Ba3 Bf6 15. Nd3 Bh3 16. Nc5 Bxg2 17. Kxg2 Rd8 18. Qf3 Rd5 19. h4 Nd7 20. Ne4 Rf5 21. Qe2 Bg7 22. Rac1 Nf6 23. Nc5 b6 24. Nd3 Qb7 25. e4 Ra5 26. Bb4 Rb5 27. a4 Rxb4 28. Nxb4 c5 29. dxc5 bxc5 30. Nd5 Nxd5 31. exd5 Qxd5+ 32. Kh2 Bd4 33. Qxe7 Qxb3 34. Qe4 Rf8 35. Rc2 Kg7 36. Re2 Qxa4 37. Rb1 Qa6 38. Rb7 Re8 39. Rxf7+ Kxf7 40. Qxe8+ 1-0

[Event "ITA-chT 47th"]
[Site "Civitanova Marche"]
[Date "2015.05.02"]
[Round "6.2"]
[White "Altini, Nicola"]
[Black "Rombaldoni, Axel"]
[Result "0-1"]
[WhiteElo "2410"]
[BlackElo "2488"]
[PlyCount "80"]
[EventDate "2015.04.29"]
[EventType "team-swiss"]
[EventRounds "7"]
[EventCountry "ITA"]
[SourceTitle "CBM 166 Extra"]
[Source "ChessBase"]
[SourceDate "2015.06.18"]
[SourceVersion "1"]
[SourceVersionDate "2015.06.18"]
[SourceQuality "1"]
[WhiteTeam "Montesilvano Arrocco"]
[BlackTeam "Chieti"]
[WhiteTeamCountry "ITA"]
[BlackTeamCountry "ITA"]

1. d4 Nf6 2. c4 g6 3. Nc3 d5 4. cxd5 Nxd5 5. Bd2 Bg7 6. e4 Nb6 7. Be3 0-0 8. h3 Nc6 9. Nf3 f5 10. exf5 gxf5 11. Qd2 f4 12. Bxf4 Nxd4 13. Nxd4 Qxd4 14. Qxd4 Bxd4 15. Bg3 c6 16. Rd1 e5 17. Be2 Be6 18. 0-0 a5 19. Kh2 a4 20. a3 Bc4 21. Rd2 Bxe2 22. Rxe2 Ra5 23. Re4 h5 24. Rh4 Rf5 25. Rb1 Nc4 26. Ne2 Rd5 27. Nc3 Ra5 28. Ne2 c5 29. f3 Rb5 30. Be1 Nxa3 31. Rd1 Rxb2 32. Ng3 Rg5 33. Bd2 Rxg3 34. Kxg3 Nc4 35. Rxh5 Rxd2 36. Rb1 Rb2 37. Rc1 Ne3 38. f4 e4 39. f5 Rxg2+ 40. Kf4 Nd5+ 0-1

[Event "Gabicce Mare op"]
[Site "Gabicce Mare"]
[Date "2015.01.05"]
[Round "6"]
[White "Altini, Nicola"]
[Black "Czebe, Attila"]
[Result "1-0"]
[WhiteElo "2402"]
[BlackElo "2436"]
[PlyCount "61"]
[EventDate "2015.01.02"]
[EventType "swiss"]
[EventRounds "7"]
[EventCountry "ITA"]
[SourceTitle "EXT 2016"]
[Source "ChessBase"]
[SourceDate "2015.10.08"]
[SourceVersion "1"]
[SourceVersionDate "2015.10.08"]
[SourceQuality "1"]

1. d4 e6 2. c4 b6 3. Nf3 Bb7 4. g3 Bb4+ 5. Bd2 Bxd2+ 6. Qxd2 f5 7. Bg2 Nf6 8. 0-0 0-0 9. Nc3 Ne4 10. Qc2 Nxc3 11. Qxc3 d6 12. d5 e5 13. b4 a5 14. a3 Nd7 15. Ne1 axb4 16. axb4 Rxa1 17. Qxa1 b5 18. c5 dxc5 19. bxc5 Nxc5 20. Qxe5 Qd6 21. Qxd6 cxd6 22. Nc2 Ne4 23. Ra1 Nc3 24. Ra7 Rb8 25. Nb4 Nxe2+ 26. Kf1 Nc3 27. Bf3 h6 28. g4 f4 29. Nc6 Bxc6 30. dxc6 d5 31. g5 1-0

[Event "Gabicce Mare op"]
[Site "Gabicce Mare"]
[Date "2015.01.05"]
[Round "6"]
[White "Banusz, Tamas"]
[Black "Altini, Nicola"]
[Result "1/2-1/2"]
[WhiteElo "2591"]
[BlackElo "2402"]
[PlyCount "116"]
[EventDate "2015.01.02"]
[EventType "swiss"]
[EventRounds "7"]
[EventCountry "ITA"]
[SourceTitle "EXT 2016"]
[Source "ChessBase"]
[SourceDate "2015.10.08"]
[SourceVersion "1"]
[SourceVersionDate "2015.10.08"]
[SourceQuality "1"]

1. Nf3 c5 2. c4 g6 3. d4 cxd4 4. Nxd4 Nc6 5. e4 Bg7 6. Be3 Nf6 7. Nc3 0-0 8. Be2 d6 9. 0-0 Nxd4 10. Bxd4 Bd7 11. Qd2 Bc6 12. f3 a5 13. b3 Nd7 14. Bf2 Nc5 15. Rab1 e6 16. Bd1 f5 17. exf5 Rxf5 18. Bc2 Rh5 19. Ne2 Bh6 20. Qd1 Qe7 21. Ng3 Rh4 22. Ne2 Rh5 23. Re1 Rf8 24. Ng3 Rh4 25. Qe2 Bf4 26. Bxc5 dxc5 27. Qxe6+ Qxe6 28. Rxe6 Bxg3 29. hxg3 Rd4 30. Rbe1 Rd2 31. R1e2 Rfd8 32. Kf2 Rxe2+ 33. Kxe2 Kf7 34. Re5 b6 35. g4 Kf6 36. Re3 Re8 37. Rxe8 Bxe8 38. Ke3 h6 39. Be4 Bd7 40. Bb7 g5 41. Ke4 Ke6 42. g3 Kd6 43. Bd5 Bc8 44. Ke3 b5 45. a3 Bd7 46. Be4 b4 47. axb4 axb4 48. Bf5 Bc6 49. f4 Bb7 50. Bg6 Bc6 51. Bf7 Bd7 52. Kf3 Bc6+ 53. Ke3 Bd7 54. Bh5 Bc6 55. Bg6 Bb7 56. Be8 Ke7 57. Bg6 Kd6 58. Bf5 Bc6 1/2-1/2

[Event "ITA-ch 74th"]
[Site "Boscotrecase"]
[Date "2014.12.02"]
[Round "9"]
[White "Altini, Nicola"]
[Black "Brunello, Sabino"]
[Result "1/2-1/2"]
[WhiteElo "2394"]
[BlackElo "2568"]
[PlyCount "38"]
[EventDate "2014.11.23"]
[EventType "tourn"]
[EventRounds "11"]
[EventCountry "ITA"]
[EventCategory "9"]
[SourceTitle "CBM 163 Extra"]
[Source "ChessBase"]
[SourceDate "2014.12.23"]
[SourceVersion "1"]
[SourceVersionDate "2014.12.23"]
[SourceQuality "1"]

1. d4 Nf6 2. c4 g6 3. Nc3 d5 4. Nf3 Bg7 5. h4 dxc4 6. e4 0-0 7. Bxc4 c5 8. d5 b5 9. Bxb5 Nxe4 10. Nxe4 Qa5+ 11. Nc3 Bxc3+ 12. bxc3 Qxb5 13. h5 Bf5 14. hxg6 Bxg6 15. Ne5 Nd7 16. c4 Qa5+ 17. Bd2 Qc7 18. Nxd7 Qxd7 19. 0-0 Rfe8 1/2-1/2

[Event "ITA-ch 74th"]
[Site "Boscotrecase"]
[Date "2014.11.30"]
[Round "7"]
[White "Bellia, Fabrizio"]
[Black "Altini, Nicola"]
[Result "0-1"]
[WhiteElo "2415"]
[BlackElo "2394"]
[PlyCount "92"]
[EventDate "2014.11.23"]
[EventType "tourn"]
[EventRounds "11"]
[EventCountry "ITA"]
[EventCategory "9"]
[SourceTitle "CBM 163 Extra"]
[Source "ChessBase"]
[SourceDate "2014.12.23"]
[SourceVersion "1"]
[SourceVersionDate "2014.12.23"]
[SourceQuality "1"]

1. d4 d5 2. c4 c6 3. cxd5 cxd5 4. Nc3 Nf6 5. Bf4 Nc6 6. e3 Bf5 7. Qb3 Na5 8. Qa4+ Bd7 9. Qc2 e6 10. Nf3 Be7 11. Bd3 Nc6 12. a3 Nh5 13. Be5 f6 14. Bg3 f5 15. 0-0 0-0 16. Rac1 Rc8 17. Ne5 Nxg3 18. hxg3 Nxe5 19. dxe5 Qb6 20. Qd2 Bg5 21. f4 Be7 22. Rfe1 Bc5 23. b4 Bxe3+ 24. Qxe3 Qxe3+ 25. Rxe3 d4 26. Rf3 Rxc3 27. Rxc3 dxc3 28. Bc2 Rc8 29. Kf2 Kf7 30. Ke1 Ke7 31. Kd1 h6 32. Bb3 g5 33. fxg5 hxg5 34. g4 fxg4 35. Rf6 c2+ 36. Bxc2 Rc3 37. Rg6 Bc6 38. Rxg5 Rg3 39. Rg7+ Kf8 40. Rg6 Bd5 41. Ke1 Rxg2 42. Bd1 Rg1+ 43. Kd2 g3 44. Bf3 Bxf3 45. Rf6+ Ke7 46. Rxf3 g2 0-1